00441nam a2200193Ia 4500003000900000008004100009040001300050040001300063041000800076100002000084245004200104250001200146260001400158260000900172300001100181300001000192490003600202490000900238IT-RoPAU120407s9999 xx 000 0 und d aIT-RoPAU cIT-RoPAU aita aBryan R. Wilson aLa religione nel mondo contemporaneo. aBologna aIl Mulino c1985 a214 p. c21 cm aUniversale Paperbacks il Mulino v1177